000 00894nam a2200301 i 4500
999 _c2110
_d2110
001 016500391
003 Uk
005 20230308090153.0
008 130918s2013 enka j |||| 1|eng
015 _aGBB452644
_2bnb
016 7 _a016500391
_2Uk
020 _a9781847153746 (paperback)
040 _aUk
_beng
_cUk
_dUk
_dKH8
_erda
042 _aukblsr
082 0 4 _a823.92 MAC
_223
100 1 _aMacDonald, Alan,
_d1958-
_eauthor.
245 1 0 _aDinosaur! /
_c[illustrations by] David Roberts ; written by Alan MacDonald.
264 1 _aLondon :
_bStripes,
_c2013.
300 _a95 pages :
_billustrations (black and white) ;
_c20 cm.
336 _atext
_2rdacontent
337 _aunmediated
_2rdamedia
338 _avolume
_2rdacarrier
490 0 _aDirty Bertie
650 _aChildren's story
650 _aDinosaur
700 1 _aRoberts, David,
_d1970-
_eillustrator.
942 _2ddc
_cNFIC